| 000 | 01044cam a2200289 a 4500 | ||
|---|---|---|---|
| 001 | 2850 | ||
| 003 | FISKH | ||
| 005 | 20240117143927.0 | ||
| 008 | 020621s2002 mtub 000 1 eng | ||
| 010 | _a 2001117620 | ||
| 020 | _a0966621336 | ||
| 040 |
_aDLC _cDLC _dDLC _beng |
||
| 050 | 0 | 0 |
_aPZ7.P19535 _bEr 2002 |
| 082 | 0 | 0 |
_a813/.6 _221 |
| 100 | 1 | _aPaolini, Christopher. | |
| 245 | 1 | 0 |
_aEragon / _cChristopher Paolini. |
| 250 | _aThis edition published in 2011 | ||
| 260 |
_aLondon : _bRandom House, _c2002 |
||
| 300 |
_a517 pages : _c20 cm |
||
| 520 | _aIn Aagaesia, a fifteen-year-old boy of unknown lineage called Eragon finds a mysterious stone that weaves his life into an intricate tapestry of destiny, magic, and power, peopled with dragons, elves, and monsters. | ||
| 650 |
_aDragons _vJuvenile Literature |
||
| 650 |
_aFantasy _vJuvenile Literature |
||
| 650 |
_aScience fiction _vJuvenile Literature |
||
| 655 | 7 |
_aFantasy fiction. _2gsafd |
|
| 906 |
_a7 _bcbc _corignew _d3 _encip _f20 _gy-gencatlg |
||
| 942 |
_2ddc _cBK _n0 |
||
| 999 |
_c2850 _d2850 |
||